Oedipus(ഈഡിപ്പസ്) (Record no. 114659)

MARC details
000 -LEADER
fixed length control field 00430 a2200157 4500
005 - DATE AND TIME OF LATEST TRANSACTION
control field 20260330105849.0
008 - FIXED-LENGTH DATA ELEMENTS--GENERAL INFORMATION
fixed length control field 260206b |||||||| |||| 00| 0 eng d
020 ## - INTERNATIONAL STANDARD BOOK NUMBER
International Standard Book Number 9788187480693
080 ## - UNIVERSAL DECIMAL CLASSIFICATION NUMBER
Universal Decimal Classification number 89M-2
Item number THO/O
100 ## - MAIN ENTRY--PERSONAL NAME
Personal name Thomas, C J; tr.by
245 ## - TITLE STATEMENT
Title Oedipus(ഈഡിപ്പസ്)
260 ## - PUBLICATION, DISTRIBUTION, ETC. (IMPRINT)
Name of publisher, distributor, etc Maluben publishers.
Place of publication, distribution, etc Thiruvananthapuram.
Date of publication, distribution, etc 2021.
300 ## - PHYSICAL DESCRIPTION
Extent 64P.
653 ## - INDEX TERM--UNCONTROLLED
Uncontrolled term Drama-Malayalam Literature
942 ## - ADDED ENTRY ELEMENTS (KOHA)
item type Under processing
Holdings
Lost status Source of classification or shelving scheme Not for loan Home library Current library Shelving location Date acquired Cost, normal purchase price Total Checkouts Full call number Barcode Date last seen Cost, replacement price Price effective from Koha item type
  Universal Decimal Classification Not For Loan University Library University Library On Display 11/03/2025 56.67   89M-2 THO/O 00097019 11/03/2025 85.00 11/03/2025 Books
University Library, CUSAT